000 00817nam a2200265Ia 4500
003 OSt
005 20220924115220.0
006 a|||||r|||| 00| 0
007 ta
008 220923b |||||||| |||| 00| 0 urd d
020 _cINR 150.00
024 _a352311
037 _b2412, 03/03/2020, M.R. Publications
_cTextual
040 _aARTS
_cARTS
_burd
041 _2urd
_aurd
082 _aDelta73w, 168Q6
100 _aSiddiqui Mujtaba Au.
_9177218
245 0 _aTazkirah mashaikh marhara
260 _aDelhi
_bAl-barkat islamic research and traning insturdte India
_c2016
300 _a125p.
_ccm.
650 _a SUFISM
_939817
650 _aMYSTICISM
942 _hDelta73w, 168Q6
_cTEXL
_2CC
999 _c397269
_d397269